000 01759nam a2200289 i 4500
001 157773
003 ES-MaACL
005 20250930063137.0
008 931025s1788 sp f |||| | spa d
080 _a58
100 0 _aLinné, Carl von,
_d1707-1778
_972451
245 1 0 _aParte práctica de botánica /
_cdel caballero Cárlos Linneo ; que comprehende las clases, órdenes, géneros, especies y variedades de las plantas... ; traducida del latin en castellano e ilustrada por Don Antonio Paláu y Verdéra... ; tomo VIII.
260 _aEn Madrid :
_ben la Imprenta Real,
_c1788.
300 _a[4], 782 [i.e. 482], CLXXVIII p., [2] h. pleg. de lám. ;
_c8º.
505 8 _aContiene: Explicacion del sistéma botánico del caballero Cárlos Linneo... / por Mr. Antonio Gouan, p. I-CXXV . Conclusiones publicas de botánica que... defendieron... Pedro Perez del Carmen..., Jayme Miralles..., Joseph Garriga... y don Antonio Caiña... baxo la direccion de... Antonio Paláu y Verdéra, p. CXXVII-CLXXVIII
546 _aTexto paralelo latín-español.
597 _aSign.: [ ]2, A-Z8, 2A-2G8, 2H1, A-L8, M1.
597 _aError de pag.: en la última p. numerada de la primera secuencia de paginación.
597 _aParte del texto a dos col.
597 _aLas CLXXVIII p. enc. tras port. y [2] h. pleg. de lám.
599 _aLám: grab. calc. "Man\pl\s. de la Cruz del\pa\s., Simon Brieva lo gra\pa\s.", retrato de Carlos de Linneo.
650 7 _aBotánica
_2embne
_910610
700 1 _aGouan, Antoine.
_tExplicacion del sistéma Botánico del Caballero Cárlos Linneo ...
_9127495
700 1 _aPalau y Verdera, Antonio.
_988508
852 4 _aES-MaACL
_jR-2161-69
_z- Enc. pasta
_x Olim G-7070-87
999 _c157773
_d157773